00274nam a2200109Ia 4500100001900000654001300019245006600032260003300098082001300131300000800144546001200152 aSiegel/ H..J.  aComputer aInte connections networks for large scale parallel processing bMc Graw HillaNew Yorkc1992 a621.3851 a390 aENGLISH